000 01754cam a22004454i 4500
003 PE-LiUPU
005 20250731173010.0
008 150616s1978 sp a r 000 0 spa d
035 _a(Sirsi) a2263
040 _aPE-LiUPU
_bspa
_cPE-LiUPU
_erda
049 _aPRUA
082 0 4 _a270.9
_bG69
_221
100 1 _aGonzález, Justo L.,
_eautor.
245 1 0 _aY hasta lo último de la tierra :
_bUna historia ilustrada del cristianismo: La era de los altos ideales.
_n4 /
_cJusto L. Gonzáles.
264 1 _aMadrid :
_bEditorial Caribe,
_c1978.
300 _a197 páginas :
_bilustraciones gráfs., mapas ;
_c21 centímetros
336 _atext
_2rdacontent
337 _aunmediated
_2rdamedia
338 _avolume
_2rdacarrier
505 0 _aLa reforma monástica -- La reforma papal -- El conflicto entre el pontificado y el imperio -- Las cruzadas -- La reconquista española -- Las órdenes mendicantes -- La actividad teológica -- Testimonios de piedra -- La cumbre del papado.
526 _aSEG42
526 _aSEG41
526 _aSEG40
526 _aSEG39
526 _aP94
526 _aP87
526 _aP86
526 _aP85
526 _aP77
526 _aP76
526 _aP35
650 0 4 _aIglesia
_xHistoria.
910 _ajck
_bjvq
_cjck
942 _2ddc
_cBOOK
949 _a270.9 G69 4
_wDEWEY
_c1
_i17975
_lCCODEBUL1
_mBUL
_p25.00
_r0
_sY
_tBOOK
_u19800723
_xTEOLOGIA
_zUNKNOWN
_0COMPRA
_o.STAFF. Colección Teología
994 _aC0
_bPEPRU
596 _a1
999 _a270.9 G69 4
_wDEWEY
_c23222
_i17975
_d23222
_e2018-6-11
_f2021-11-11
_g5
_lCCODEBUL1
_mBUL
_n3
_p25.00
_q6
_r0
_sY
_tBOOK
_u2015-6-16
_xTEOLOGIA
_PP35
_0COMPRA
_o.STAFF. Colección Teología
980 _81
_gALBERTO SANCHEZ Responsable de Automatización